అట్టడుగు నుంచి అగ్రస్థానం వరకు... (Record no. 25408)

MARC details
000 -LEADER
fixed length control field 01881nam a22003137a 4500
005 - DATE AND TIME OF LATEST TRANSACTION
control field 20090319110220.0
008 - FIXED-LENGTH DATA ELEMENTS--GENERAL INFORMATION
fixed length control field 090212t xxu||||| |||| 00| 0 eng d
010 ## - LCCN (DPL NO)
LC control number TEL-5048
020 ## - INTERNATIONAL STANDARD BOOK NUMBER
Terms of availability 50.00
International Standard Book Number 8182940397
035 ## - SYSTEM CONTROL NUMBER
System control number TL-4054
037 ## - SOURCE OF ACQUISITION
Source of stock number/acquisition DBAD / PUB
040 ## - CATALOGING SOURCE
Original cataloging agency dpl
Language of cataloging Telugu
082 ## - DEWEY DECIMAL CLASSIFICATION NUMBER
Classification number 923.25479
100 ## - MAIN ENTRY--PERSONAL NAME
Personal name లక్ష్మీప్రసాద్, యార్లగడ్డ
245 ## - TITLE STATEMENT
Title అట్టడుగు నుంచి అగ్రస్థానం వరకు...
Statement of responsibility, etc / యార్లగడ్డ లక్ష్మీప్రసాద్
Remainder of title :సుశీల్ కుమార్ షిండే జీవితం
246 ## - VARYING FORM OF TITLE
Title proper/short title Attadugu nunchi agrasthanam varaku: Susheel Kumar Shinde jeevitham
Remainder of title Yarlagadda Lakshmi Prasad
260 ## - PUBLICATION, DISTRIBUTION, ETC. (IMPRINT)
Place of publication, distribution, etc విజయవాడ
Name of publisher, distributor, etc అలకనంద ప్రచురణలు
Date of publication, distribution, etc 2008
270 ## - ADDRESS
Address 59-6-15, కంచుకోట వీధి, మేరిస్ స్టెల్లా కాలేజి ఎదురుగా,
City విజయవాడ
Postal code 520 008
300 ## - PHYSICAL DESCRIPTION
Extent 65పే.
Dimensions 23 సె.మీ.
520 ## - SUMMARY, ETC.
Summary, etc Biography of Suśīl kumār Śhinde
Expansion of summary note 1941, politician from Maharashtra, India
600 ## - SUBJECT ADDED ENTRY--PERSONAL NAME
Personal name షిండే, సుశీల్ కుమార్, 1941-
600 ## - SUBJECT ADDED ENTRY--PERSONAL NAME
Personal name Shinde, Susil Kumar, 1941-
650 ## - SUBJECT ADDED ENTRY--TOPICAL TERM
Topical term or geographic name as entry element రాజకీయ వేత్తలు
Form subdivision జీవిత చరిత్ర
Geographic subdivision భారతదేశం
-- మహారాష్ట్ర
650 ## - SUBJECT ADDED ENTRY--TOPICAL TERM
Topical term or geographic name as entry element Politicians
Form subdivision Biography
Geographic subdivision India
-- Maharashtra
651 ## - SUBJECT ADDED ENTRY--GEOGRAPHIC NAME
Geographic name మహారాష్ట్ర (భారతదేశం)
Form subdivision జీవిత చరిత్ర
651 ## - SUBJECT ADDED ENTRY--GEOGRAPHIC NAME
Geographic name Maharashtra (India)
Form subdivision Biography
942 ## - ADDED ENTRY ELEMENTS (KOHA)
Source of classification or shelving scheme Dewey Decimal Classification
Item type Telugu
Classification part 923.25479
Call number suffix / LAX
Holdings
Withdrawn status Lost status Source of classification or shelving scheme Damaged status Not for loan Collection code Home library Current library Date acquired Cost, normal purchase price Total Checkouts Full call number Barcode Date last seen Cost, replacement price Koha item type
    Dewey Decimal Classification     Non-fiction D.B.Act.Division D.B.Act.Division 19/03/2009 50.00   923.25479 / LAX TL-4054 19/03/2009 50.00 Telugu

© Delhi Public Library
Hit Counter
free hit counter